Statistics for Countries With the Most Hungarian Speakers

Click here to take the quiz!

General Stats

  • This quiz has been taken 3,137 times
  • The average score is 8 of 10

Answer Stats

# Speakers%Country% Correct
9.89 mil99.1Hungary
99%
1.26 mil6.2Romania
94%
458 k8.5Slovakia
93%
117 k0.04United States
92%
22.0 k0.2Austria
88%
241 k3.3Serbia
88%
149 k0.3Ukraine
83%
75.5 k0.2Canada
74%
20.8 k0.09Australia
62%
70.0 k0.9Israel
15%

Score Distribution

Percentile by Number Answered

Percent of People with Each Score

Your Score History

You have not taken this quiz